[Event "DVM U14 2011"]
[Site "Lingen (Ems) GER"]
[Date "2011.12.29"]
[Round "5"]
[White "Sander, Jean Louis"]
[Black "Krasotin, Valentin"]
[Result "1-0"]
[Termination "normal"]
[Board "4.3"]
[WhiteElo "1816"]
[BlackElo "1624"]
[WhiteTeam "Hamburger SK von 1830"]
[BlackTeam "SW  Nürnberg Süd"]
[WhiteFideId "12903280"]
[BlackFideId "12913928"]
[EventCountry "GER"]
[EventRounds "7"]
[EventType "team-swiss"]
[EventDate "2011.12.26"]

1. e4 e5 2. Nf3 Nc6 3. Nc3 Bc5 4. Nxe5 Nxe5 5. d4 Bd6 6. dxe5 Bxe5 7. f4 Bxc3+
8. bxc3 d6 9. Bd3 Bd7 10. O-O Qf6 11. Qe1 Ne7 12. Be3 Nc6 13. Rb1 O-O-O 14. Rb3
h5 15. Qb1 Na5 16. Ra3 1-0

[Event "DVM U14 2011"]
[Site "Lingen (Ems) GER"]
[Date "2011.12.29"]
[Round "5"]
[White "Siegl, Adrian"]
[Black "Baberz, Alexander"]
[Result "0-1"]
[Termination "normal"]
[Board "4.4"]
[WhiteElo "1725"]
[BlackElo "1765"]
[WhiteTeam "SW  Nürnberg Süd"]
[BlackTeam "Hamburger SK von 1830"]
[WhiteFideId "12930156"]
[BlackFideId "12921734"]
[EventCountry "GER"]
[EventRounds "7"]
[EventType "team-swiss"]
[EventDate "2011.12.26"]

1. e4 c5 2. Nf3 d6 3. d4 cxd4 4. Nxd4 Nf6 5. Nc3 a6 6. Bg5 e6 7. Be2 Be7 8. h4
Nbd7 9. Bf3 h6 10. Be3 Ne5 11. Qe2 Qc7 12. Nb3 Bd7 13. O-O-O Rc8 14. Bf4 Nc4
15. Nd2 Nxb2 16. Ndb1 Nc4 17. Be3 b5 18. Rd3 b4 19. Nd1 Bb5 20. Bd4 Na5 21. Nb2
b3 22. Rc3 Bxe2 23. Rxc7 Rxc7 24. Bxe2 Rxc2+ 25. Kd1 bxa2 26. Kxc2 a1=Q 27.
Bxa6 O-O 28. Rc1 Nc4 0-1

[Event "DVM U14 2011"]
[Site "Lingen (Ems) GER"]
[Date "2011.12.29"]
[Round "5"]
[White "Peczely, Sebastian Zsombor"]
[Black "Schissler, Cornelius"]
[Result "1-0"]
[Termination "normal"]
[Board "5.1"]
[WhiteElo "2031"]
[BlackElo "1410"]
[WhiteTeam "SG Leipzig"]
[BlackTeam "SC Widdern"]
[WhiteFideId "750964"]
[BlackFideId "12946290"]
[EventCountry "GER"]
[EventRounds "7"]
[EventType "team-swiss"]
[EventDate "2011.12.26"]

1. e4 c6 2. c4 e5 3. Nf3 d6 4. d4 Bg4 5. Be2 Nd7 6. Nc3 Be7 7. Be3 Ngf6 8. O-O
O-O 9. Nd2 Bxe2 10. Nxe2 d5 11. exd5 cxd5 12. Qb3 dxc4 13. Nxc4 exd4 14. Bxd4
b6 15. Rad1 Qc7 16. Ne3 Bc5 17. Rc1 Qb7 18. Bxc5 Nxc5 19. Rxc5 Qa6 20. Rc2 Rac8
21. Rxc8 Rxc8 22. Ng3 g6 23. h3 Qb7 24. Rd1 Ne4 25. Nxe4 Qxe4 26. Qd5 Qxd5 27.
Nxd5 Kf8 28. Ne3 Kg7 29. g4 h6 30. Kg2 Kf6 31. Kg3 g5 32. Rd6+ Kg7 33. Nf5+ 1-0

[Event "DVM U14 2011"]
[Site "Lingen (Ems) GER"]
[Date "2011.12.29"]
[Round "5"]
[White "Dirks, Alexander"]
[Black "Kreyssig, Robert"]
[Result "0-1"]
[Termination "normal"]
[Board "5.2"]
[WhiteElo "1372"]
[BlackElo "1895"]
[WhiteTeam "SC Widdern"]
[BlackTeam "SG Leipzig"]
[WhiteFideId "12946303"]
[BlackFideId "4662881"]
[EventCountry "GER"]
[EventRounds "7"]
[EventType "team-swiss"]
[EventDate "2011.12.26"]

1. e4 c5 2. Nf3 Nc6 3. d4 cxd4 4. Nxd4 Nf6 5. Nc3 d6 6. Be3 e5 7. Nb3 Be6 8.
Be2 d5 9. exd5 Nxd5 10. Nxd5 Qxd5 11. Qxd5 Bxd5 12. O-O O-O-O 13. c3 Be7 14.
Rad1 f5 15. f4 e4 16. c4 Bf7 17. Nd4 Nxd4 18. Bxd4 Rxd4 19. Rxd4 Bc5 20. Rfd1
Rd8 21. b3 Rxd4 22. Rxd4 Bxd4+ 23. Kf1 Be3 24. g3 h6 25. Kg2 Kd7 26. Bd1 Kd6
27. Bc2 Be6 28. h4 Kc5 29. Bb1 Kd4 30. Bc2 Kc3 31. Bb1 Kd2 32. Kh3 Bc5 33. h5
e3 0-1

[Event "DVM U14 2011"]
[Site "Lingen (Ems) GER"]
[Date "2011.12.29"]
[Round "5"]
[White "Kreyssig, Bruno"]
[Black "Weinmeister, Nico"]
[Result "0-1"]
[Termination "normal"]
[Board "5.3"]
[WhiteElo "1646"]
[BlackElo "1380"]
[WhiteTeam "SG Leipzig"]
[BlackTeam "SC Widdern"]
[WhiteFideId "4692489"]
[BlackFideId "12946311"]
[EventCountry "GER"]
[EventRounds "7"]
[EventType "team-swiss"]
[EventDate "2011.12.26"]

1. e4 e5 2. Nf3 Nc6 3. d4 exd4 4. Nxd4 Bc5 5. Be3 Qf6 6. Bc4 Bxd4 7. Bxd4 Qxd4
8. Bd3 Qxb2 9. Nd2 Nf6 10. O-O O-O 11. Nc4 Qc3 12. Qf3 Ne5 13. Qg3 d6 14. Nxe5
Qxe5 15. f4 Qd4+ 16. Kh1 Nxe4 17. Qh4 Nf6 18. Rf3 Qxa1+ 0-1

[Event "DVM U14 2011"]
[Site "Lingen (Ems) GER"]
[Date "2011.12.29"]
[Round "5"]
[White "Hoffmann, Jens"]
[Black "Wildermuth, Tim"]
[Result "1/2-1/2"]
[Termination "normal"]
[Board "5.4"]
[WhiteElo "1375"]
[BlackElo "1358"]
[WhiteTeam "SC Widdern"]
[BlackTeam "SG Leipzig"]
[WhiteFideId "12946320"]
[BlackFideId "12946109"]
[EventCountry "GER"]
[EventRounds "7"]
[EventType "team-swiss"]
[EventDate "2011.12.26"]

1. e4 c5 2. Nf3 Nc6 3. d4 cxd4 4. Nxd4 e5 5. Nf3 Nf6 6. Bd3 d5 7. Qe2 dxe4 8.
Bxe4 Nxe4 9. Qxe4 Be6 10. O-O Bd6 11. Nc3 O-O 12. Ng5 f5 13. Nxe6 fxe4 14. Nxd8
Raxd8 15. Nxe4 Be7 16. Bg5 Bxg5 17. Nxg5 Rd2 18. Rac1 Nd4 19. Rce1 Rxc2 20.
Rxe5 Rxb2 21. Ra5 Nc6 22. Ra4 a6 23. Nf3 Nb4 24. Ra1 1/2-1/2

[Event "DVM U14 2011"]
[Site "Lingen (Ems) GER"]
[Date "2011.12.29"]
[Round "5"]
[White "Bilchinski, Anton"]
[Black "Röhlich, Philipp"]
[Result "0-1"]
[Termination "normal"]
[Board "6.1"]
[WhiteElo "1820"]
[BlackElo "1734"]
[WhiteTeam "SK 1908 Göggingen"]
[BlackTeam "SG Trier"]
[WhiteFideId "24615765"]
[BlackFideId "24692832"]
[EventCountry "GER"]
[EventRounds "7"]
[EventType "team-swiss"]
[EventDate "2011.12.26"]

1. d4 d5 2. c4 c6 3. Nc3 Nf6 4. Nf3 e6 5. Bg5 dxc4 6. e4 b5 7. e5 h6 8. Bxf6
gxf6 9. Be2 Nd7 10. O-O Bb7 11. a4 a6 12. Re1 f5 13. Bf1 Bb4 14. Qe2 Nb6 15.
Qe3 Nd5 16. Qd2 Qe7 17. Red1 Bxc3 18. bxc3 Kf8 19. Rdb1 Kg7 20. Qb2 Rhb8 21.
Qd2 Bc8 22. g3 Bd7 23. Ne1 Nb6 24. a5 Nd5 25. Nc2 c5 26. Ne3 Bc6 27. Bg2 Rd8
28. Nc2 Rab8 29. Qe1 Ba8 30. h4 Kh7 31. Kh2 Rg8 32. f4 Rgd8 33. Ra2 Qa7 34.
Bxd5 Bxd5 35. Qe3 Be4 36. Rbb2 Bxc2 37. Rxc2 cxd4 38. cxd4 Qxd4 39. Qf3 b4 40.
Qh5 Rd7 41. Kh3 Rdb7 0-1

[Event "DVM U14 2011"]
[Site "Lingen (Ems) GER"]
[Date "2011.12.29"]
[Round "5"]
[White "Bauer, Lukas"]
[Black "Reimann, Sebastian"]
[Result "1-0"]
[Termination "normal"]
[Board "6.2"]
[WhiteElo "1640"]
[BlackElo "1516"]
[WhiteTeam "SG Trier"]
[BlackTeam "SK 1908 Göggingen"]
[WhiteFideId "12907715"]
[BlackFideId "12928054"]
[EventCountry "GER"]
[EventRounds "7"]
[EventType "team-swiss"]
[EventDate "2011.12.26"]

1. d4 {[%emt 0:00:00]} d5 2. c4 c6 3. Nf3 Nf6 4. g3 e6 5. Bg2 Nbd7 6. O-O Bd6
7. Qc2 O-O 8. Nbd2 h6 9. Re1 Qc7 10. e4 dxe4 11. Nxe4 Nxe4 12. Qxe4 Nf6 13. Qc2
c5 14. dxc5 Bxc5 15. Bf4 Bd6 16. Bxd6 Qxd6 17. Rad1 Qc7 18. Qd3 b6 19. Ne5 Bb7
20. Nd7 Nxd7 21. Qxd7 Qxd7 22. Rxd7 Bxg2 23. Kxg2 Rfd8 24. Red1 Rxd7 25. Rxd7
Rc8 26. b3 a6 27. Rb7 Rc6 28. Kf3 a5 29. Rb8+ Kh7 30. Rd8 Kg6 31. Ke4 Kf6 32.
Rd7 a4 33. f4 axb3 34. axb3 h5 35. Kd4 h4 36. b4 hxg3 37. hxg3 e5+ 38. fxe5+
Ke6 39. Rb7 g6 40. b5 Rc8 41. Rxb6+ Ke7 42. c5 Rc7 43. Kd5 Rd7+ 44. Rd6 Rb7 45.
b6 Rb8 46. Kc6 Rc8+ 47. Kb5 g5 48. b7 Rb8 49. Kb6 f5 50. Kc7 Ke8 1-0

[Event "DVM U14 2011"]
[Site "Lingen (Ems) GER"]
[Date "2011.12.29"]
[Round "5"]
[White "Reimann, Matthias"]
[Black "Kim, Yun-Ghi"]
[Result "1/2-1/2"]
[Termination "normal"]
[Board "6.3"]
[WhiteElo "1476"]
[BlackElo "1784"]
[WhiteTeam "SK 1908 Göggingen"]
[BlackTeam "SG Trier"]
[WhiteFideId "12928046"]
[BlackFideId "12925888"]
[EventCountry "GER"]
[EventRounds "7"]
[EventType "team-swiss"]
[EventDate "2011.12.26"]

1. e4 e6 2. d4 d5 3. Bd3 dxe4 4. Bxe4 Nf6 5. Bf3 Be7 6. Ne2 O-O 7. O-O c5 8.
Nbc3 cxd4 9. Nxd4 a6 10. a4 Nbd7 11. Re1 Qc7 12. Qe2 Rb8 13. Nxe6 fxe6 14.
Qxe6+ Kh8 15. Qxe7 b6 16. Bg5 Ng8 17. Qe2 Bb7 18. Bxb7 Qxb7 19. Qe4 Qc8 20. Qg4
Qc6 21. Rad1 Ndf6 22. Bxf6 Rxf6 23. Qd4 Qc5 24. Qe3 Qf5 25. Rd2 Rbf8 26. Red1
Qg6 27. Qg3 Qf5 28. Qd3 Qg4 29. h3 Qh4 30. Qg3 Qh5 31. Rd5 Qh6 32. Ne4 Rg6 33.
Rg5 Rxg5 34. Qxg5 Qc6 35. Nc3 Qe6 36. Qg4 Qf7 37. Qg3 Qf5 38. Rd3 Nf6 39. Qf3
Qa5 40. Qe3 Qb4 41. b3 Re8 42. Qf3 Qc5 43. Ne4 Nxe4 44. Qxe4 Rf8 45. Rf3 Rd8
46. Qf5 Qe7 47. Qf7 Qc5 48. Rg3 Qe5 49. Rd3 Rg8 50. Re3 Qb8 51. Re7 Qd8 52. h4
h6 53. Kh2 Qd4 54. g3 Qd8 55. Rd7 Qc8 56. Rc7 Qd8 57. Qe7 Qd4 58. Qe3 Qb4 59.
Rb7 b5 60. axb5 axb5 61. Qe5 Qd2 62. Kg2 b4 63. Rb6 Rf8 64. Qe3 Qd5+ 65. Kh2
Qf5 66. Rxb4 Qxc2 67. Rf4 Rb8 68. Rf3 Ra8 69. Qd3 Qc7 70. Qg6 Rg8 71. Qf7 Qb8
72. Rf4 Kh7 73. h5 Re8 74. Qg6+ Kh8 75. Rf7 Qe5 76. b4 Rb8 77. b5 Kg8 78. Re7
Qb2 79. Kg2 Rf8 80. Qe6+ Kh8 81. Qb6 Rf6 82. Qe3 Qxb5 83. Re8+ Kh7 84. Qe4+ Qf5
85. Qxf5+ Rxf5 1/2-1/2

[Event "DVM U14 2011"]
[Site "Lingen (Ems) GER"]
[Date "2011.12.29"]
[Round "5"]
[White "Bach, Marc-Andre"]
[Black "Artz, Tobias"]
[Result "1/2-1/2"]
[Termination "normal"]
[Board "6.4"]
[WhiteElo "1714"]
[BlackElo "1388"]
[WhiteTeam "SG Trier"]
[BlackTeam "SK 1908 Göggingen"]
[WhiteFideId "1270773"]
[BlackFideId "12928127"]
[EventCountry "GER"]
[EventRounds "7"]
[EventType "team-swiss"]
[EventDate "2011.12.26"]

1. e4 e5 2. Nf3 Nc6 3. Bc4 Bc5 4. c3 d6 5. d4 exd4 6. cxd4 Bb4+ 7. Bd2 Bxd2+ 8.
Nbxd2 Bg4 9. Qc2 Nge7 10. O-O O-O 11. Rfe1 Ng6 12. Qc3 Re8 13. Bb5 Bd7 14. Rac1
Rc8 15. Nb3 Nce7 16. Bxd7 Qxd7 17. Qa5 Nf4 18. Re3 Neg6 19. Qg5 h6 20. Qg3 Qb5
21. Rc2 Qa4 22. a3 Qb5 23. Nc1 Re7 24. Nh4 Nxh4 25. Qxh4 Ng6 26. Qg3 Rce8 27.
Qf3 Qg5 28. Rce2 Nh4 29. Qh3 Ng6 30. Qf3 Nh4 31. Qg3 Qxg3 32. hxg3 Ng6 33. Nb3
b6 34. Nc1 c5 35. d5 Ne5 1/2-1/2

[Event "DVM U14 2011"]
[Site "Lingen (Ems) GER"]
[Date "2011.12.29"]
[Round "5"]
[White "Knopf, Felix"]
[Black "Imcke, Patrick"]
[Result "0-1"]
[Termination "normal"]
[Board "7.1"]
[WhiteElo "1802"]
[BlackElo "1848"]
[WhiteTeam "SV Merseburg"]
[BlackTeam "Sportfreunde Katernberg 1913"]
[WhiteFideId "24692204"]
[BlackFideId "4622502"]
[EventCountry "GER"]
[EventRounds "7"]
[EventType "team-swiss"]
[EventDate "2011.12.26"]

1. d4 e6 2. c4 f5 3. g3 Nf6 4. Bg2 Bb4+ 5. Bd2 Bxd2+ 6. Qxd2 O-O 7. Nc3 d6 8.
Nf3 Qe7 9. O-O Nc6 10. d5 Ne5 11. Nxe5 dxe5 12. dxe6 c6 13. Rfd1 Bxe6 14. b3
Rfd8 15. Qc2 Rd4 16. e4 fxe4 17. Nxe4 Bf5 18. Nxf6+ Qxf6 19. Qc3 Rad8 20. Re1
Bg6 21. Qa5 Rf8 22. Re2 Bh5 23. Rd2 Bf3 24. Re1 Bxg2 25. Kxg2 Qf3+ 26. Kg1 b6
0-1

[Event "DVM U14 2011"]
[Site "Lingen (Ems) GER"]
[Date "2011.12.29"]
[Round "5"]
[White "Dette, Tim"]
[Black "Hoffmann, Dustin"]
[Result "0-1"]
[Termination "normal"]
[Board "7.2"]
[WhiteElo "1553"]
[BlackElo "1687"]
[WhiteTeam "Sportfreunde Katernberg 1913"]
[BlackTeam "SV Merseburg"]
[WhiteFideId "12946249"]
[BlackFideId "1270566"]
[EventCountry "GER"]
[EventRounds "7"]
[EventType "team-swiss"]
[EventDate "2011.12.26"]

1. e4 c5 2. c3 Nc6 3. d4 cxd4 4. cxd4 e6 5. Nf3 Be7 6. Be2 Nf6 7. e5 Nd5 8. O-O
O-O 9. Nc3 Nxc3 10. bxc3 d6 11. Bf4 dxe5 12. Nxe5 Qa5 13. Nxc6 bxc6 14. Qc2 Ba6
15. Bxa6 Qxa6 16. Rfe1 Qc4 17. Qb3 Qd5 18. Rad1 Rfd8 19. Bg3 Bf6 20. h3 Rac8
21. Qxd5 cxd5 22. Re3 Rc6 23. Rb1 Rdc8 24. Rb3 h6 25. f3 a5 26. Be1 Bd8 27. Kf1
Rb6 28. Rxb6 Bxb6 29. Re2 a4 30. a3 Ba5 31. Rc2 Rb8 32. Ke2 Rb3 33. Ra2 Bxc3
34. Bxc3 Rxc3 35. Kd2 Rb3 36. Kc2 Kh7 37. Kd2 Kg6 38. Ke2 f5 39. g4 fxg4 40.
hxg4 Kg5 0-1

[Event "DVM U14 2011"]
[Site "Lingen (Ems) GER"]
[Date "2011.12.29"]
[Round "5"]
[White "Le Hong, Quang Anh"]
[Black "Schimnatkowski, Lukas"]
[Result "1-0"]
[Termination "normal"]
[Board "7.3"]
[WhiteElo "1309"]
[BlackElo "1338"]
[WhiteTeam "SV Merseburg"]
[BlackTeam "Sportfreunde Katernberg 1913"]
[WhiteFideId "12927589"]
[BlackFideId "12936723"]
[EventCountry "GER"]
[EventRounds "7"]
[EventType "team-swiss"]
[EventDate "2011.12.26"]

1. Nf3 c5 2. e4 a6 3. d4 cxd4 4. Nxd4 Nf6 5. Nc3 e5 6. Nf3 Bb4 7. Bd3 Qc7 8.
Bd2 O-O 9. O-O Nc6 10. a3 Bc5 11. Re1 b5 12. Nd5 Nxd5 13. exd5 Ne7 14. Nxe5
Nxd5 15. Be4 Bb7 16. Qf3 d6 17. Ng4 Qc6 18. Nf6+ Kh8 19. Bxd5 Qb6 20. Bxb7
Bxf2+ 21. Qxf2 Qxb7 22. Qh4 h6 23. Bxh6 Qb6+ 24. Kh1 gxf6 25. Qxf6+ Kg8 26.
Qg7# 1-0

[Event "DVM U14 2011"]
[Site "Lingen (Ems) GER"]
[Date "2011.12.29"]
[Round "5"]
[White "Kennemann, Henrik Jan"]
[Black "Handke, Moritz"]
[Result "0-1"]
[Termination "normal"]
[Board "7.4"]
[WhiteElo "1132"]
[BlackElo "1272"]
[WhiteTeam "Sportfreunde Katernberg 1913"]
[BlackTeam "SV Merseburg"]
[WhiteFideId "1271856"]
[BlackFideId "12946222"]
[EventCountry "GER"]
[EventRounds "7"]
[EventType "team-swiss"]
[EventDate "2011.12.26"]

1. d4 d5 2. e4 e6 3. Nc3 Bb4 4. Bd2 Nc6 5. a3 Bxc3 6. bxc3 dxe4 7. f3 exf3 8.
Nxf3 Nf6 9. Bd3 O-O 10. O-O Ne7 11. Bg5 Ned5 12. Qe1 b6 13. c4 Ne7 14. Bxf6
gxf6 15. Qh4 Ng6 16. Qg3 f5 17. Ne5 Qxd4+ 18. Kh1 Qxe5 19. Qf3 Rb8 20. Rae1 Bb7
21. Qh5 Qg7 22. Re3 Nf4 0-1

[Event "DVM U14 2011"]
[Site "Lingen (Ems) GER"]
[Date "2011.12.29"]
[Round "5"]
[White "Greßmann, Moritz"]
[Black "Beeck, Mats"]
[Result "1/2-1/2"]
[Termination "normal"]
[Board "8.1"]
[WhiteElo "1748"]
[BlackElo "1671"]
[WhiteTeam "BSV 63 Chemie Weißensee"]
[BlackTeam "SK Doppelbauer Kiel"]
[WhiteFideId "24695084"]
[BlackFideId "12936944"]
[EventCountry "GER"]
[EventRounds "7"]
[EventType "team-swiss"]
[EventDate "2011.12.26"]

1. c4 e5 2. Nc3 Nf6 3. g3 d5 4. cxd5 Nxd5 5. Bg2 Nb6 6. d3 Be7 7. Nf3 Nc6 8.
O-O O-O 9. a3 Be6 10. b4 f6 11. Bb2 Qd7 12. Rc1 Nd4 13. Nxd4 exd4 14. Ne4 c6
15. Nc5 Bxc5 16. bxc5 Nc8 17. Qa4 Rd8 18. Ba1 Ne7 19. Rb1 b5 20. cxb6 axb6 21.
Qc2 Rab8 22. a4 Bd5 23. Bxd5+ Qxd5 24. Qb3 c5 25. e4 Qxb3 26. Rxb3 Rb7 27. Rfb1
Ra8 28. Rxb6 Rxb6 29. Rxb6 Rxa4 30. Bb2 Ra2 31. Kg2 Kf7 32. Rb3 Nc6 33. Ba3 Rc2
34. Rb5 c4 1/2-1/2

[Event "DVM U14 2011"]
[Site "Lingen (Ems) GER"]
[Date "2011.12.29"]
[Round "5"]
[White "Wanner, Lukas"]
[Black "Donath, Johann"]
[Result "1-0"]
[Termination "normal"]
[Board "8.2"]
[WhiteElo "1594"]
[BlackElo "1871"]
[WhiteTeam "SK Doppelbauer Kiel"]
[BlackTeam "BSV 63 Chemie Weißensee"]
[WhiteFideId "12918148"]
[BlackFideId "24685160"]
[EventCountry "GER"]
[EventRounds "7"]
[EventType "team-swiss"]
[EventDate "2011.12.26"]

1. e4 e5 2. Nf3 Nc6 3. Bb5 a6 4. Ba4 Nf6 5. d3 b5 6. Bb3 Be7 7. O-O O-O 8. Re1
d6 9. c3 Na5 10. Bc2 c5 11. Nbd2 Re8 12. Nf1 Bf8 13. Ng3 h6 14. h3 g6 15. Be3
d5 16. Qe2 d4 17. cxd4 cxd4 18. Bd2 Nc6 19. Bb3 Bb7 20. Nh4 Kg7 21. Nf3 Nd7 22.
a3 Nb6 23. h4 Bc8 24. Qd1 Bg4 25. Qc1 Rc8 26. Bxh6+ Kg8 27. Bxf8 Bxf3 28. gxf3
Na5 29. Qh6 Rxf8 30. Qxg6+ Kh8 31. Qh6+ 1-0

[Event "DVM U14 2011"]
[Site "Lingen (Ems) GER"]
[Date "2011.12.29"]
[Round "5"]
[White "Greßmann, Hanna"]
[Black "Andreßen, Kay"]
[Result "1-0"]
[Termination "normal"]
[Board "8.3"]
[WhiteElo "1327"]
[BlackElo "1381"]
[WhiteTeam "BSV 63 Chemie Weißensee"]
[BlackTeam "SK Doppelbauer Kiel"]
[WhiteFideId "12930709"]
[EventCountry "GER"]
[EventRounds "7"]
[EventType "team-swiss"]
[EventDate "2011.12.26"]

1. e4 e5 2. Nf3 Nc6 3. Bc4 Nf6 4. d3 Bc5 5. c3 d6 6. O-O Bg4 7. Nbd2 O-O 8. Re1
a6 9. b4 Ba7 10. Qc2 Qe7 11. Bb2 Rad8 12. a3 Be6 13. d4 Bxc4 14. Nxc4 b5 15.
Ncd2 Qd7 16. Rad1 Rfe8 17. Nf1 Qg4 18. Ng3 Ne7 19. dxe5 dxe5 20. Rxd8 Rxd8 21.
Nxe5 Qf4 22. Nf3 Ng4 23. Re2 Ng6 24. Bc1 Qf6 25. Bg5 Qd6 26. Bxd8 Qxd8 27. Rd2
Qf6 28. Qd3 Qb6 29. Qe2 h6 30. Nd4 N4e5 31. Nc2 Nc4 32. Rd1 Nf4 33. Qf3 Ne6 34.
h4 Ne5 35. Qe3 Qb7 36. Nd4 Nc4 37. Qc1 Nf8 38. Ndf5 Ne6 39. Nd4 Nf8 40. Nb3 Ng6
41. Rd5 Nxh4 42. Qf4 Ng6 43. Rd8+ Nf8 44. Nf5 c6 45. Nxh6+ gxh6 46. Qg4+ Kh7
47. Rxf8 h5 48. Qxh5+ Kg7 49. Qh8+ Kg6 50. Rg8# 1-0

[Event "DVM U14 2011"]
[Site "Lingen (Ems) GER"]
[Date "2011.12.29"]
[Round "5"]
[White "Malinin, Nikita"]
[Black "Boehling, Richard"]
[Result "0-1"]
[Termination "normal"]
[Board "8.4"]
[WhiteElo "1410"]
[BlackElo "1318"]
[WhiteTeam "SK Doppelbauer Kiel"]
[BlackTeam "BSV 63 Chemie Weißensee"]
[WhiteFideId "12946214"]
[BlackFideId "12946176"]
[EventCountry "GER"]
[EventRounds "7"]
[EventType "team-swiss"]
[EventDate "2011.12.26"]

1. e4 e5 2. Nf3 Nc6 3. Bb5 d6 4. d4 exd4 5. Nxd4 Bd7 6. Nxc6 Bxc6 7. Bxc6+ bxc6
8. c4 Nf6 9. O-O Be7 10. Nc3 O-O 11. b3 Qd7 12. Bb2 Qg4 13. Qxg4 Nxg4 14. h3
Ne5 15. Rad1 Ng6 16. Ne2 Rae8 17. Ng3 Bg5 18. Rfe1 Nf4 19. Ba1 Re6 20. Nf5 Bf6
21. Bxf6 Rxf6 22. Ne7+ Kh8 23. Nxc6 Rg8 24. Nb4 a5 25. Nd5 Nxd5 26. exd5 g6 27.
Re7 Rf8 28. Rde1 Kg7 29. Re8 Rxe8 30. Rxe8 a4 31. Re7 axb3 32. axb3 Rf4 33.
Rxc7 Kf6 34. f3 Ke5 35. Rc6 Rd4 36. b4 Rd1+ 37. Kf2 Rb1 38. b5 Rb4 39. Rc7 h5
40. g4 h4 41. Re7+ Kf6 42. Re4 g5 43. c5 Rxb5 44. c6 Rc5 45. Ke2 Rxd5 46. Rc4
Re5+ 47. Kd3 Re8 48. Kd4 Ke6 49. Ke4 d5+ 0-1

[Event "DVM U14 2011"]
[Site "Lingen (Ems) GER"]
[Date "2011.12.29"]
[Round "5"]
[White "Müller, Max"]
[Black "Kardoeus, David"]
[Result "1/2-1/2"]
[Termination "normal"]
[Board "9.1"]
[WhiteElo "1644"]
[BlackElo "1757"]
[WhiteTeam "SC Caissa Schwarzenbach"]
[BlackTeam "SV Werder Bremen"]
[WhiteFideId "12900486"]
[BlackFideId "12912050"]
[EventCountry "GER"]
[EventRounds "7"]
[EventType "team-swiss"]
[EventDate "2011.12.26"]

1. e4 b6 2. d4 Bb7 3. Nc3 e6 4. Bd3 Nf6 5. Bg5 h6 6. Bd2 c5 7. Nf3 d6 8. Qe2
Nbd7 9. O-O Be7 10. Rfe1 cxd4 11. Nxd4 O-O 12. Rad1 Nc5 13. b4 Nxd3 14. cxd3
Rc8 15. a3 Nd7 16. Rc1 a6 17. Rf1 Bf6 18. Nb3 d5 19. f4 dxe4 20. dxe4 b5 21.
Kh1 Ba8 22. Rf3 Rc4 23. Rg3 Bxc3 24. Bxc3 f6 25. Nd4 Qb6 26. Re1 f5 27. exf5
1/2-1/2

[Event "DVM U14 2011"]
[Site "Lingen (Ems) GER"]
[Date "2011.12.29"]
[Round "5"]
[White "Aslan, Dersim"]
[Black "Backens, Johannes"]
[Result "1/2-1/2"]
[Termination "normal"]
[Board "9.2"]
[WhiteElo "1601"]
[BlackElo "1235"]
[WhiteTeam "SV Werder Bremen"]
[BlackTeam "SC Caissa Schwarzenbach"]
[WhiteFideId "24692271"]
[BlackFideId "12946389"]
[EventCountry "GER"]
[EventRounds "7"]
[EventType "team-swiss"]
[EventDate "2011.12.26"]

1. b3 d5 2. Bb2 Nf6 3. Nf3 Bf5 4. e3 e6 5. Be2 c5 6. c4 Bd6 7. O-O Nc6 8. d4
O-O 9. Nh4 cxd4 10. cxd5 Nxd5 11. Nxf5 exf5 12. exd4 Bc7 13. Bf3 Nce7 14. Nd2
Qd6 15. g3 Rad8 16. Nc4 Qd7 17. Ne5 Bxe5 18. dxe5 Qe6 19. Qe2 Nc6 20. Rfd1 Rfe8
21. Bxd5 Rxd5 22. Rxd5 Qxd5 23. Rd1 Qe6 24. Qb5 Qc8 25. Qc4 Qe6 26. Qxe6 Rxe6
27. Rd7 Re7 28. Rd5 h6 29. a3 Re6 30. Kf1 1/2-1/2

[Event "DVM U14 2011"]
[Site "Lingen (Ems) GER"]
[Date "2011.12.29"]
[Round "5"]
[White "Zimmermeier, Gregor"]
[Black "Rosenthal, Moritz"]
[Result "1/2-1/2"]
[Termination "normal"]
[Board "9.3"]
[WhiteElo "877"]
[BlackElo "1082"]
[WhiteTeam "SC Caissa Schwarzenbach"]
[BlackTeam "SV Werder Bremen"]
[BlackFideId "12946338"]
[EventCountry "GER"]
[EventRounds "7"]
[EventType "team-swiss"]
[EventDate "2011.12.26"]

1. e4 e5 2. Nf3 Nc6 3. d4 exd4 4. Nxd4 Bc5 5. Nxc6 bxc6 6. Nc3 d6 7. Bc4 h6 8.
O-O Nf6 9. Qe2 O-O 10. Qd3 Qd7 11. h3 Kh8 12. Bf4 Re8 13. Rfe1 Rb8 14. Rab1 a5
15. Qd2 Ng8 16. Be3 Bxe3 17. Qxe3 Bb7 18. b3 d5 19. Rbd1 Qc8 20. Bd3 1/2-1/2

[Event "DVM U14 2011"]
[Site "Lingen (Ems) GER"]
[Date "2011.12.29"]
[Round "5"]
[White "Lai Hop, Long"]
[Black "Dechant, Joel Julian"]
[Result "1-0"]
[Termination "normal"]
[Board "9.4"]
[WhiteElo "1079"]
[BlackElo "836"]
[WhiteTeam "SV Werder Bremen"]
[BlackTeam "SC Caissa Schwarzenbach"]
[WhiteFideId "12942707"]
[EventCountry "GER"]
[EventRounds "7"]
[EventType "team-swiss"]
[EventDate "2011.12.26"]

1. e4 e5 2. Nf3 Nc6 3. Bb5 d6 4. d4 Bd7 5. Bxc6 Bxc6 6. dxe5 dxe5 7. Qxd8+ Rxd8
8. Nbd2 Nf6 9. Nxe5 Bxe4 10. Nxe4 Nxe4 11. O-O Bd6 12. Nf3 O-O 13. Be3 b6 14.
Rfe1 a5 15. Bxb6 cxb6 16. Rxe4 Rfe8 17. Rd4 h6 18. Rad1 Bc7 19. Rxd8 Rxd8 20.
Re1 Bf4 21. g3 Bd2 22. Rd1 Bg5 23. Nd4 Rd6 24. Kf1 Bf6 25. c3 Bxd4 26. Rxd4 Re6
27. f3 Re5 28. Re4 f6 29. Rxe5 fxe5 30. Ke2 Kf7 31. Kd3 b5 32. c4 bxc4+ 33.
Kxc4 Ke6 34. Kb5 Kf5 35. Kxa5 e4 36. fxe4+ Kxe4 37. b4 g5 38. b5 Kf3 39. b6 Kg2
40. b7 Kxh2 41. b8=Q Kh3 42. Qh8 Kxg3 43. Qxh6 g4 44. Kb6 Kg2 45. a4 g3 46. Kc5
Kf1 47. Kd4 g2 48. Qf4+ Kg1 49. Ke3 Kh1 50. Qh4+ Kg1 51. Kf3 Kf1 52. Qf2# 1-0

[Event "DVM U14 2011"]
[Site "Lingen (Ems) GER"]
[Date "2011.12.29"]
[Round "5"]
[White "Bykov, Ilya"]
[Black "Rausch, Adrian"]
[Result "0-1"]
[Termination "normal"]
[Board "10.1"]
[WhiteElo "1720"]
[BlackElo "1706"]
[WhiteTeam "Karlsruher SF 1853"]
[BlackTeam "SV Backnang"]
[WhiteFideId "12918059"]
[BlackFideId "12929069"]
[EventCountry "GER"]
[EventRounds "7"]
[EventType "team-swiss"]
[EventDate "2011.12.26"]

1. e4 c6 2. d4 d5 3. e5 Bf5 4. Ne2 e6 5. Ng3 Bg6 6. h4 h6 7. a3 Nd7 8. Be2 Ne7
9. Bg4 c5 10. c3 Nc6 11. b4 c4 12. h5 Bh7 13. f4 Be7 14. Be3 Bh4 15. Bf2 Bxg3
16. Bxg3 Ne7 17. Bh4 Nb6 18. O-O Qd7 19. a4 a5 20. b5 Bd3 21. Rf2 Nf5 22. Bxf5
exf5 23. Nd2 Qe6 24. Qe1 Nc8 25. Nf3 b6 26. Qe3 Ne7 27. Re1 O-O-O 28. Qc1 Rde8
29. Qa3 Kd7 30. Qc1 Rhg8 31. Qd2 g6 32. hxg6 Rxg6 33. Bf6 Ng8 34. Kh1 Be4 35.
Bh4 Rg4 36. Bf6 Rg6 37. Bh4 Rg4 38. Bf6 Rg6 39. Kg1 Bxf3 40. Rxf3 Nxf6 0-1